Lataa...

Iqbal and Quranic wisdom

Bibliografiset tiedot
Päätekijä: Munawwar, Muhammad
Aineistotyyppi: Printed Book
Julkaistu: New Delhi: Adam publishers and distributers; 2006.
Aiheet:
LEADER 00470nam a22001457a 4500
020 |a 81-7435-487-5 
082 |a 297.2092  |b MUN/I 
100 |a  Munawwar, Muhammad 
245 |a Iqbal and Quranic wisdom 
260 |a New Delhi:  |b Adam publishers and distributers;  |c 2006. 
300 |a 156p. 
650 |a Islam 
942 |c BK 
999 |c 297591  |d 297591 
952 |0 0  |1 0  |4 0  |6 297_209200000000000_MUN_I  |7 0  |9 317162  |a ARA  |b ARA  |d 2020-09-08  |l 0  |o 297.2092 MUN/I  |p ARA1490  |r 2020-09-08  |w 2020-09-08  |y BK